000 00360nam a2200133Ia 4500
008 151213s9999 xx 000 0 und d
100 _aBenedikte Uttenthal
245 _aWilfred Owen : Selected Poems .
_cBenedikte Uttenthal
260 _aHerlow Essay
_bLangmen
_c1986
300 _a1903 p.
650 _aEnglish
700 _aBenedikte Uttenthal
999 _c1408
_d1408